000 00690nam a22002537a 4500
003 UA-OsUOA
001 27206
007 ta
008 20040618b un ||||| |||| 00| 0 ukr d
100 _aДоля В.Т.
090 _a336(075.8)
_bД29
942 _cBK
040 _aUA-OsUOA
_brus
_cUA-OsUOA
_dUA-OsUOA
245 _aЭкономический анализ: Теория и практические методики
_bУчебное пособие
300 _a208 с.
955 _a2
041 _arus
080 _a336(075.8)
020 _a966-8251-03-2
260 _aКиев
_bКондор
_c2003
044 _aUA
650 7 _a336 Фінанси
_2UDC
999 _c313548
_d313548